Vocabulaire Anglais (difficile) #2 - Statistiques

Statistiques générales
  • Ce quiz a été pris 250 fois
    240 depuis la dernière actualisation
  • Le résultat moyen est 18 sur 150
Statistiques - réponses
Hint Réponse % Correct
collar col
69%
feather plume
53%
to slip glisser
52%
to show up se montrer
49%
to pull out se retirer
47%
wrist poignet
45%
to lean se pencher
45%
web toile
41%
to tickle chatouiller
40%
thigh cuisse
40%
whorehouse maison-close
40%
peculiar particulier
39%
prey proie
39%
greasy gras
36%
to toy jouer
36%
sorrow chagrin
35%
to wander errer
35%
canteen gourde/cantine
34%
to wave saluer
34%
to sweat suer
34%
bare nu
32%
slope pente
32%
dye teinture
31%
to grant accorder
29%
dandruff pellicule
29%
beam faisceau
22%
firm ferme
22%
aching douloureux
21%
cloth tissu
20%
greedy gourmand
19%
climax apogée/point culminant
18%
foe ennemi
18%
to relieve soulager
18%
monsoon mousson
17%
pelvis bassin
16%
bead perle
16%
utterly complétement
15%
to bloat gonfler
15%
sledgehammer masse/marteau
15%
apendix annexe
14%
to mould mouler
14%
clam palourde
14%
spare de rechange
13%
to drip goutter
12%
mortgage hypothèque
12%
throughout pendant
12%
to drench tremper
12%
to trot trotter
12%
to yearn languir
11%
twig brindille
10%
shed cabane
10%
to hand out distribuer
10%
bland fade
10%
stretch s'étendre
9%
grant subvention
9%
lumber bois/marcher lourdement
8%
jeez bon dieu
8%
quarry carrière
8%
dike digue
8%
exhilarating exaltant
8%
sceluded isolé
8%
to pitch lancer
8%
mildew moisissure
8%
briskly vivement
8%
cord câble
7%
to budge céder
7%
to spew cracher
7%
to swarm grouiller
7%
bunch groupé
7%
panting haletant
7%
gauge jauge
7%
slack mou
7%
shovelful pelletée
7%
to heave soulever
7%
soggy trempé
7%
to squabble chamailler
6%
coarse grossier
6%
to ascribe imputer
6%
to spurt jaillir
6%
lousy mauvais
6%
hindrance obstacle
6%
tingle picotement
6%
balmy doux
5%
to simmer mijoter
5%
mess hall réfectoire
5%
clump amas
4%
to dangle balancer
4%
zeroing calibrage
4%
boonies cambrousse
4%
puny chétif
4%
to jam coincer
4%
to peddle colporter
4%
outset début
4%
intent décidé
4%
to strip dépouiller
4%
heady enivré
4%
gung-ho enthousiaste
4%
rimmed entouré
4%
slit fente
4%
to grind grincer
4%
lenient indulgent
4%
hunch intuition
4%
cot lit
4%
musty moisi
4%
stockade palissade
4%
double-time pas de course
4%
bosom poitrine/sein
4%
to re-up prolonger
4%
somersault roulade
4%
jolt secousse
4%
to unwind se détendre
4%
leisurely tranquillement
4%
curt brusque
3%
sedge carex (plante)
3%
to romp défouler
3%
lark farce
3%
hedgerow haie
3%
mound monticule
3%
to writhe se tordre
3%
to crop up surgir
3%
to veer virer/dévier
3%
swarthy basané
2%
rustling bruissement
2%
to mangle déchiqueter
2%
to straf mitrailler
2%
brawn muscle
2%
come off réussir/se détacher
2%
to jut saillir
2%
to amble se promener
2%
to flick actionner
1%
to dread appréhender
1%
to yank arracher
1%
moat douve
1%
dredge drague
1%
sloshing éclaboussure
1%
to daze étourdir
1%
whimsical fantaisiste
1%
to flare flamboyer
1%
to billow onduler/flotter
1%
to prod pousser/encourager
1%
to squirm se débattre
1%
to tangle s'emmêler/s'enchevêtrer
1%
bystander spectateur
1%
to tack virer de bord/clouer/punaiser
1%
to drizzle arroser
0%
to chortle glousser
0%
wheeze respirer (bruyamment)
0%
to prance sautiller
0%
to slink se faufiler
0%
to scramble se précipiter
0%
Aucun quiz correspondant
Distribution des résultats
% des personnes avec chaque résultat
Percentile par nombre de réponses
Votre historique - résultats
Vous n’avez pas pris ce quiz depuis la dernière actualisation